00928nam a2200253 i 450000100060000000300090000600500170001500700030003200800410003501600170007602000180009304000210011108000140013210000370014624501760018326000340035930000220039349000110041570000380042683000380046485200330050299900170053595201220055216550ES-MaACL20250717063020.0t|001017s1990 sp ||||0| spa d7 zCEN920144032 a84-87524-03-6 aM-BN bspa cCEN a860-2"19"1 aSastre, Alfonso, d1926-910391510aBurbury b: comedia con alguna música / cescrita sobre la obra de Oscar Wilde "La importancia de llamarse Ernesto" (o de ser formal según se mire) por Alfonso Sastre. aBilbao : bHiru, cD.L. 1990. a119 p. ; c18 cm.0 aTeatro1 aWilde, Oscar, d1854-19009241147 0aTeatro (Argitaletxe Hiru)9124859 aES-MaACLjL-23748 bR.128746 c16550d16550 00104070aATENEOMbATENEOMcDEPO2d2008-01-17eSCl0oL-23748p1016812r2023-02-23 00:00:00w2023-02-23yMONOGRAFIA